Statistics for Countries by Highest Incarceration Rate

Click here to take the quiz!

General Stats

  • This quiz has been taken 32 times
  • The average score is 6 of 16

Answer Stats

%CountryTotal% Correct
0.66United States2,121,600
100%
0.59El Salvador38,114
62%
0.35Brazil746,532
62%
0.51Cuba57,337
50%
0.40Panama16,953
50%
0.37Costa Rica19,226
46%
0.36Belize1,297
38%
0.53Thailand367,993
27%
0.51Rwanda65,000
23%
0.44Bahamas1,778
23%
0.43Grenada460
23%
0.55Turkmenistan30,452
19%
0.43St. Vincent and the Grenadines469
19%
0.39St. Kitts and Nevis220
19%
0.50Maldives1,852
15%
0.42Seychelles409
15%

Score Distribution

Percentile by Number Answered

Percent of People with Each Score

Your Score History

You have not taken this quiz